| 000 | 01892cam a22003015a 4500 | ||
|---|---|---|---|
| 001 | L138499 | ||
| 002 | 16721 | ||
| 008 | 070614s2007 xxk f 000 0 eng d | ||
| 020 | _a9781904829621 | ||
| 035 | _a(Sirsi) u138499 | ||
| 041 | 0 | _aeng | |
| 050 | 0 | 4 | _a692.8 $2 18 |
| 110 | 2 |
_aRoyal Institution of Chartered Surveyors _94900 |
|
| 245 | 0 | 0 | _aDefinition of prime cost of daywork carried out under a building contract |
| 250 | _a3rd ed. | ||
| 260 |
_aLondon _bBCIS _c2007 |
||
| 300 |
_a16p. _c30cm. |
||
| 505 | 2 | _aApplication -- Composition of total charges -- Labour: option A - percentage addition; option B - all-inclusive rates; non-productive overtime -- Materials and goods -- Plant -- Incidental costs, overheads and profit; non-productive overtime -- Appendix A: model documentation for inclusion in a building contract, where using option A and option B for labour -- Appendix B: example calculations of prime cost of labour in daywork | |
| 520 | _aOperative from 1 September 2007, this fully revised edition of the definition provides clear rules for calculating a standard hourly base rate for labour for building contracts. The definition provides two options for dealing with the prime cost of labour. "Option A: percentage addition" is based upon the traditional method of pricing labour in daywork, whereas "Option B: all inclusive rates" includes not only the prime cost of labour but also includes an allowance for incidental costs, overheads and profits. | ||
| 520 | _aSupersedes 2nd edition (ISBN 0854060596). | ||
| 590 | _aKA NTK | ||
| 650 | 2 | 4 | _aRICS DEFINITION OF PRIME COST OF DAYWORK CARRIED OUT UNDER A BUILDING CONTRACT |
| 651 | 4 |
_aUnited Kingdom _y |
|
| 690 | _aBUILT ENVIRONMENT-BUILDING COSTS | ||
| 690 | _aBUILT ENVIRONMENT-CONSTRUCTION MANAGEMENT-BUILDING CONTRACT ADMINISTRATION | ||
| 710 | 1 |
_aConstruction Confederation _93647 |
|
| 942 | _n0 | ||
| 999 |
_c107180 _d107180 |
||